[Event "DEN-ch cand"]
[Site "Svendborg"]
[Date "2019.04.21"]
[Round "6"]
[White "Hoyer, Jacob"]
[Black "Nielsen, Viktor Haarmark"]
[Result "0-1"]
[WhiteElo "2201"]
[BlackElo "2288"]
[PlyCount "114"]
[EventDate "2019.04.16"]
[EventType "swiss"]
[EventRounds "7"]
[EventCountry "DEN"]
[SourceTitle "EXT 2020"]
[Source "ChessBase"]
[SourceDate "2019.10.17"]
[SourceVersion "1"]
[SourceVersionDate "2019.10.17"]
[SourceQuality "1"]

1. d4 d5 2. c4 e6 3. Nc3 Bb4 4. a3 Bxc3+ 5. bxc3 c6 6. cxd5 cxd5 7. e3 Nf6 8. Nf3 0-0 9. Bd3 b6 10. 0-0 Ba6 11. Bxa6 Nxa6 12. Qd3 Nb8 13. Ne5 Qc7 14. c4 Nc6 15. Nxc6 Qxc6 16. cxd5 exd5 17. Bd2 Qa4 18. Rfc1 Rac8 19. Bb4 Rfe8 20. f3 Rc4 21. Rxc4 dxc4 22. Qxc4 Rxe3 23. Rc1 h6 24. Qc8+ Re8 25. Qc6 Qxc6 26. Rxc6 Rd8 27. Rd6 Rxd6 28. Bxd6 Nd5 29. Kf2 f5 30. Ke2 Kf7 31. Kd3 Ke6 32. Be5 g6 33. g4 Kd7 34. gxf5 gxf5 35. a4 Kc6 36. Kc4 a6 37. Bg7 h5 38. Bf8 Nc7 39. d5+ Nxd5 40. Kd4 Nf4 41. Bh6 Ng6 42. Bg5 b5 43. axb5+ axb5 44. Bf6 Kd6 45. Bg5 Ke6 46. f4 b4 47. Kc4 b3 48. Kxb3 Kd5 49. Kc3 Ke4 50. Kd2 Kf3 51. Ke1 Kg2 52. Ke2 Kxh2 53. Kf2 Kh3 54. Kf3 Nh4+ 55. Ke3 Kg4 56. Kf2 Ng6 57. Ke3 Kg3 0-1

[Event "DEN-ch cand"]
[Site "Svendborg"]
[Date "2019.04.19"]
[Round "4"]
[White "Hoyer, Jacob"]
[Black "Rewitz, Poul"]
[Result "0-1"]
[WhiteElo "2201"]
[BlackElo "2212"]
[PlyCount "76"]
[EventDate "2019.04.16"]
[EventType "swiss"]
[EventRounds "7"]
[EventCountry "DEN"]
[SourceTitle "EXT 2020"]
[Source "ChessBase"]
[SourceDate "2019.10.17"]
[SourceVersion "1"]
[SourceVersionDate "2019.10.17"]
[SourceQuality "1"]

1. d4 Nf6 2. c4 g6 3. Nc3 d5 4. Nf3 Bg7 5. Qb3 dxc4 6. Qxc4 a6 7. e4 b5 8. Qb3 c5 9. dxc5 0-0 10. Be2 Bb7 11. 0-0 Nxe4 12. Nxe4 Bxe4 13. Rd1 Qc7 14. Be3 Nc6 15. a4 b4 16. Nd4 Na5 17. Qxb4 Rfb8 18. Nb5 Qe5 19. Qxa5 axb5 20. Qd2 Qxb2 21. Qxb2 Bxb2 22. Ra2 bxa4 23. f3 Bc6 24. Bd4 a3 25. Bxb2 axb2 26. Rxa8 Rxa8 27. Rb1 Ra1 28. Bd3 h5 29. Kf2 Rxb1 30. Bxb1 Bd7 31. c6 Bxc6 32. Ke3 h4 33. g3 e5 34. gxh4 Bd7 35. Kd2 Bf5 36. Bxf5 gxf5 37. Kc2 e4 38. fxe4 f4 0-1

[Event "DEN-ch cand"]
[Site "Skorping"]
[Date "2017.04.14"]
[Round "4"]
[White "Aabling Thomsen, Jakob"]
[Black "Hoyer, Jacob"]
[Result "1-0"]
[WhiteElo "2384"]
[BlackElo "2213"]
[PlyCount "97"]
[EventDate "2017.04.11"]
[EventType "swiss"]
[EventRounds "7"]
[EventCountry "DEN"]
[SourceTitle "EXT 2018"]
[Source "ChessBase"]
[SourceDate "2017.10.13"]
[SourceVersion "1"]
[SourceVersionDate "2017.10.13"]
[SourceQuality "1"]

1. d4 Nf6 2. c4 g6 3. f3 d5 4. cxd5 Nxd5 5. e4 Nb6 6. Be3 Bg7 7. Nc3 0-0 8. Qd2 Nc6 9. 0-0-0 e5 10. d5 Nd4 11. f4 c5 12. fxe5 Bg4 13. Re1 Bxe5 14. Bg5 Qc7 15. h3 Bd7 16. Nf3 Bh8 17. Bf4 Qd8 18. e5 Rc8 19. Bg5 f6 20. Bh6 fxe5 21. Bxf8 Qxf8 22. Ng5 c4 23. Be2 Bf5 24. Bg4 Qc5 25. Ne6 Qa5 26. Bxf5 Nxf5 27. Rhf1 Na4 28. Rxf5 Nxc3 29. bxc3 Qa3+ 30. Kb1 gxf5 31. d6 Qa5 32. d7 Qb6+ 33. Kc1 Qxe6 34. dxc8Q+ Qxc8 35. Qd5+ Kf8 36. g4 Bf6 37. Rd1 fxg4 38. Rf1 Kg7 39. hxg4 Qxg4 40. Qxb7+ Kg6 41. Qxa7 e4 42. Qa6 Qg5+ 43. Kb1 Qe5 44. Qxc4 e3 45. Qg8+ Bg7 46. Qf7+ Kg5 47. Rg1+ Kh6 48. Rh1+ Kg5 49. Rh5+ 1-0

[Event "DEN-ch cand"]
[Site "Skorping"]
[Date "2017.04.13"]
[Round "3"]
[White "Hoyer, Jacob"]
[Black "Petersen, Steen Brustrup"]
[Result "1-0"]
[WhiteElo "2213"]
[BlackElo "2131"]
[PlyCount "73"]
[EventDate "2017.04.11"]
[EventType "swiss"]
[EventRounds "7"]
[EventCountry "DEN"]
[SourceTitle "EXT 2018"]
[Source "ChessBase"]
[SourceDate "2017.10.13"]
[SourceVersion "1"]
[SourceVersionDate "2017.10.13"]
[SourceQuality "1"]

1. d4 Nf6 2. c4 e6 3. Nc3 Bb4 4. e3 c5 5. Nge2 Ne4 6. Qc2 d5 7. a3 Bxc3+ 8. Nxc3 Nxc3 9. Qxc3 cxd4 10. Qxd4 0-0 11. cxd5 Qxd5 12. Qxd5 exd5 13. Bd2 Bg4 14. h3 Bf5 15. Be2 Nd7 16. Bc3 Nc5 17. Rd1 Rfd8 18. g4 Bc2 19. Rc1 Ba4 20. 0-0 Rac8 21. Bd4 Nb3 22. Rxc8 Rxc8 23. Bc3 Nc5 24. f3 b6 25. Rc1 Ne6 26. Kf2 d4 27. exd4 Nxd4 28. Ba6 Rc7 29. Re1 Ne6 30. Kg3 Bc6 31. Be5 Rd7 32. Rc1 Nc5 33. b4 Bb7 34. Bxb7 Nxb7 35. Rc8+ Rd8 36. Rc7 f6 37. Bxf6 1-0

[Event "St Veit op-A 35th"]
[Site "St Veit"]
[Date "2016.07.11"]
[Round "4"]
[White "Hoyer, Jacob"]
[Black "Rogic, Davor"]
[Result "0-1"]
[WhiteElo "2212"]
[BlackElo "2524"]
[PlyCount "64"]
[EventDate "2016.07.09"]
[EventType "swiss"]
[EventRounds "9"]
[EventCountry "AUT"]
[SourceTitle "EXT 2017"]
[Source "ChessBase"]
[SourceDate "2016.10.25"]
[SourceVersion "1"]
[SourceVersionDate "2016.10.25"]
[SourceQuality "1"]

1. d4 d5 2. c4 c6 3. Nf3 Nf6 4. e3 Bf5 5. Nc3 a6 6. c5 g6 7. Be2 Bg7 8. 0-0 0-0 9. b4 a5 10. b5 Nfd7 11. Qb3 e5 12. bxc6 Nxc6 13. Qxd5 exd4 14. exd4 Nb4 15. Qc4 Be6 16. Qb5 Nxc5 17. Qxc5 Rc8 18. Qb5 Rxc3 19. Bg5 Qd5 20. a4 Rfc8 21. Rfc1 Nc2 22. Bd2 Nxd4 23. Nxd4 Rxc1+ 24. Rxc1 Rxc1+ 25. Bxc1 Bxd4 26. Qe8+ Kg7 27. Ba3 h5 28. Qf8+ Kh7 29. Bc1 Qa2 30. Kf1 Bc4 31. Qh6+ Kg8 32. Qd2 Qxa4 0-1

[Event "Norrkoeping Easter op"]
[Site "Norrkoeping"]
[Date "2016.03.26"]
[Round "5"]
[White "Ahvenjarvi, Jani"]
[Black "Hoyer, Jacob"]
[Result "1-0"]
[WhiteElo "2335"]
[BlackElo "2221"]
[PlyCount "76"]
[EventDate "2016.03.25"]
[EventType "swiss"]
[EventRounds "8"]
[EventCountry "SWE"]
[SourceTitle "CBM 171 Extra"]
[Source "ChessBase"]
[SourceDate "2016.04.26"]
[SourceVersion "1"]
[SourceVersionDate "2016.04.26"]
[SourceQuality "1"]

1. e4 c5 2. Nf3 Nc6 3. d4 cxd4 4. Nxd4 Nf6 5. Nc3 e5 6. Ndb5 d6 7. Bg5 a6 8. Na3 b5 9. Bxf6 gxf6 10. Nd5 f5 11. c3 Bg7 12. exf5 Bxf5 13. Nc2 0-0 14. Nce3 Be6 15. Bd3 f5 16. 0-0 Kh8 17. f4 e4 18. Bc2 Ne7 19. Bb3 a5 20. a3 Rc8 21. Rf2 Nxd5 22. Bxd5 Bxd5 23. Nxd5 Qe8 24. Rd2 Qe6 25. Qe2 Rc5 26. Rad1 Rd8 27. Kh1 Bh6 28. g3 Bg7 29. Kg2 Rb8 30. Ne3 Bf8 31. Rd4 Rbc8 32. R1d2 Be7 33. Qd1 Rf8 34. Rxd6 Bxd6 35. Rxd6 Qc8 36. Qd4+ Kg8 37. Rd7 Rf7 38. Rd8+ Qxd8 1-0

[Event "Politiken Cup 37th"]
[Site "Helsingor"]
[Date "2015.07.28"]
[Round "5"]
[White "Hoyer, Jacob"]
[Black "Grigoriants, Sergey"]
[Result "0-1"]
[WhiteElo "2202"]
[BlackElo "2594"]
[PlyCount "66"]
[EventDate "2015.07.25"]
[EventType "swiss"]
[EventRounds "10"]
[EventCountry "DEN"]
[SourceTitle "CBM 167 Extra"]
[Source "ChessBase"]
[SourceDate "2015.09.14"]
[SourceVersion "1"]
[SourceVersionDate "2015.09.14"]
[SourceQuality "1"]

1. d4 Nf6 2. c4 e6 3. Nc3 Bb4 4. e3 0-0 5. Nge2 c6 6. a3 Ba5 7. g3 d5 8. b4 Bc7 9. cxd5 cxd5 10. Bg2 Nbd7 11. 0-0 Nb6 12. f3 Re8 13. e4 e5 14. Bg5 exd4 15. Nb5 Bb8 16. Nbxd4 h6 17. Bxf6 Qxf6 18. Qd3 a5 19. f4 dxe4 20. Bxe4 Rd8 21. Rad1 Ba7 22. Kh1 axb4 23. axb4 Bh3 24. Rfe1 Na4 25. Rd2 Bg4 26. Bxb7 Rab8 27. Bc6 Rxb4 28. Qa3 Bxd4 29. Nxd4 Rbxd4 30. Rxd4 Qxc6+ 31. Rde4 Nc3 32. Qa5 Rd1 33. Kg1 Qxe4 0-1

[Event "Politiken Cup 37th"]
[Site "Helsingor"]
[Date "2015.07.26"]
[Round "3"]
[White "Hoyer, Jacob"]
[Black "Hector, Jonny"]
[Result "0-1"]
[WhiteElo "2202"]
[BlackElo "2485"]
[PlyCount "126"]
[EventDate "2015.07.25"]
[EventType "swiss"]
[EventRounds "10"]
[EventCountry "DEN"]
[SourceTitle "CBM 167 Extra"]
[Source "ChessBase"]
[SourceDate "2015.09.14"]
[SourceVersion "1"]
[SourceVersionDate "2015.09.14"]
[SourceQuality "1"]

1. d4 d5 2. c4 c6 3. Nf3 Nf6 4. e3 Bf5 5. Nc3 e6 6. Nh4 Be4 7. f3 Bg6 8. Qb3 Qb6 9. Nxg6 hxg6 10. Bd2 Nbd7 11. 0-0-0 Be7 12. Bd3 c5 13. Qxb6 Nxb6 14. dxc5 Nxc4 15. b4 b6 16. Bxc4 dxc4 17. Nb5 0-0-0 18. cxb6 axb6 19. e4 Rh5 20. a4 Rhh8 21. Kc2 Rd3 22. Bc3 Rxd1 23. Kxd1 Nh5 24. Na3 Nf4 25. Nxc4 Kb7 26. Ne5 f6 27. g3 Nh3 28. Nd3 Ra8 29. Kc2 Rxa4 30. Kb3 Ra8 31. f4 Rd8 32. Rd1 g5 33. Kc2 gxf4 34. gxf4 g5 35. Rf1 Rc8 36. Kb3 gxf4 37. Nxf4 Ng5 38. Re1 Bd6 39. Nh5 Be5 40. Bxe5 fxe5 41. Nf6 Nf3 42. Rh1 Rf8 43. Nh5 Nd4+ 44. Kc4 Rf3 45. b5 Rh3 46. Nf6 Kc7 47. Ng4 Kd6 48. Rd1 Ra3 49. h4 Ra4+ 50. Kc3 Kc5 51. Nxe5 Nxb5+ 52. Kc2 Rxe4 53. Nd3+ Kd5 54. Nf2+ Nd4+ 55. Kc3 Rxh4 56. Nd3 e5 57. Nb4+ Kd6 58. Nd3 Nb5+ 59. Kc2 e4 60. Nf4+ Kc5 61. Ne6+ Kc4 62. Rd2 e3 63. Rd3 Rh2+ 0-1

[Event "Norrkoeping Easter op"]
[Site "Norrkoeping"]
[Date "2015.04.04"]
[Round "4"]
[White "Hoyer, Jacob"]
[Black "Johansson, Linus"]
[Result "0-1"]
[WhiteElo "2204"]
[BlackElo "2392"]
[PlyCount "60"]
[EventDate "2015.04.03"]
[EventType "swiss"]
[EventRounds "8"]
[EventCountry "SWE"]
[SourceTitle "CBM 165 Extra"]
[Source "ChessBase"]
[SourceDate "2015.04.21"]
[SourceVersion "1"]
[SourceVersionDate "2015.04.21"]
[SourceQuality "1"]

1. d4 e6 2. c4 Nf6 3. Nc3 Bb4 4. e3 0-0 5. Nge2 d5 6. a3 Bd6 7. cxd5 exd5 8. g3 a5 9. Bg2 c6 10. Qc2 Re8 11. 0-0 Bf8 12. Bd2 Nbd7 13. f3 c5 14. Rad1 b6 15. Nf4 Bb7 16. Qb3 Ba6 17. Rfe1 Bc4 18. Qc2 Rc8 19. b3 cxd4 20. bxc4 dxc3 21. Bxc3 Rxc4 22. Qb2 Qc7 23. Bxf6 Nxf6 24. Nxd5 Nxd5 25. Rxd5 Rc2 26. Qb5 Qc3 27. Red1 Qxe3+ 28. Kh1 Qf2 29. Rg1 Re1 30. Rxe1 Qxg2# 0-1

[Event "Calvia Amateur op 11th"]
[Site "Calvia"]
[Date "2014.10.11"]
[Round "8"]
[White "Hoyer, Jacob"]
[Black "Stark, Ingo"]
[Result "1-0"]
[WhiteElo "2193"]
[BlackElo "2128"]
[PlyCount "77"]
[EventDate "2014.10.04"]
[EventType "swiss"]
[EventRounds "9"]
[EventCountry "ESP"]
[SourceTitle "EXT 2015"]
[Source "ChessBase"]
[SourceDate "2014.11.20"]
[SourceVersion "1"]
[SourceVersionDate "2014.11.20"]
[SourceQuality "1"]

1. d4 Nf6 2. c4 e6 3. Nc3 c5 4. d5 exd5 5. cxd5 Bd6 6. e4 Qe7 7. Bg5 h6 8. Bxf6 Qxf6 9. Nf3 Bc7 10. Bd3 d6 11. Nd2 a6 12. 0-0 0-0 13. Qe2 Nd7 14. f4 Re8 15. a4 Qe7 16. Nc4 Rb8 17. a5 Nf6 18. Rae1 Qd8 19. e5 dxe5 20. fxe5 Nxd5 21. Qe4 Be6 22. Qh7+ Kf8 23. Ne4 Nf4 24. Rxf4 Qxd3 25. Ncd6 Qd4+ 26. Kh1 Qxe5 27. Nxe8 Rxe8 28. Ref1 Bc4 29. R1f2 Bd5 30. Ng3 Qg5 31. Qh8+ Ke7 32. Re2+ Be5 33. Nf5+ Kd7 34. Qxe8+ Kxe8 35. Rxe5+ Kd7 36. Rxd5+ Kc6 37. Rd6+ Kc7 38. g3 g6 39. h4 1-0

[Event "Calvia Amateur op 11th"]
[Site "Calvia"]
[Date "2014.10.04"]
[Round "1"]
[White "Wilson, Matthew R"]
[Black "Hoyer, Jacob"]
[Result "1-0"]
[WhiteElo "1825"]
[BlackElo "2193"]
[PlyCount "49"]
[EventDate "2014.10.04"]
[EventType "swiss"]
[EventRounds "9"]
[EventCountry "ESP"]
[SourceTitle "EXT 2015"]
[Source "ChessBase"]
[SourceDate "2014.11.20"]
[SourceVersion "1"]
[SourceVersionDate "2014.11.20"]
[SourceQuality "1"]

1. e4 c5 2. Nc3 Nc6 3. f4 g6 4. Nf3 Bg7 5. Bb5 Nd4 6. 0-0 e6 7. a4 Ne7 8. d3 0-0 9. Nxd4 cxd4 10. Ne2 d5 11. a5 a6 12. Ba4 Qxa5 13. Bd2 Qb6 14. Ng3 dxe4 15. Nxe4 Nd5 16. Qe1 Qc7 17. Qh4 b5 18. Bxb5 axb5 19. Rxa8 Qxc2 20. Rc1 Qxd3 21. Rcxc8 Qb1+ 22. Kf2 Ne3 23. Nf6+ Bxf6 24. Rxf8+ Kg7 25. Rg8# 1-0

[Event "Politiken Cup 36th"]
[Site "Helsingor"]
[Date "2014.07.29"]
[Round "10"]
[White "Stray, Gunnar"]
[Black "Hoyer, Jacob"]
[Result "1/2-1/2"]
[WhiteElo "2053"]
[BlackElo "2200"]
[PlyCount "130"]
[EventDate "2014.07.21"]
[EventType "swiss"]
[EventRounds "10"]
[EventCountry "DEN"]
[SourceTitle "CBM 161 Extra"]
[Source "ChessBase"]
[SourceDate "2014.08.29"]
[SourceVersion "1"]
[SourceVersionDate "2014.08.29"]
[SourceQuality "1"]

1. d4 Nf6 2. Nf3 g6 3. g3 Bg7 4. Bg2 0-0 5. 0-0 d5 6. Nbd2 Nbd7 7. c3 Re8 8. e4 dxe4 9. Ng5 c5 10. Qb3 e6 11. Ngxe4 cxd4 12. cxd4 Nxe4 13. Nxe4 Bxd4 14. Be3 Nb6 15. Rfd1 e5 16. Bg5 Be6 17. Qf3 Qb8 18. Nf6+ Kf8 19. Nxe8 Kxe8 20. Qf6 Qd6 21. Rac1 Rb8 22. Bf1 a6 23. Rxd4 exd4 24. Bf4 Qd8 25. Qh8+ Kd7 26. Qxd4+ Ke8 27. Qxd8+ Rxd8 28. Bc7 Rc8 29. Bf4 Rxc1 30. Bxc1 Bxa2 31. Be3 Nd5 32. Bd4 Kd7 33. Bg2 Kc6 34. Kf1 Kb5 35. Bxd5 Bxd5 36. Ke2 Kc4 37. Bf6 a5 38. h4 Kb3 39. Kd2 Be4 40. Kc1 b5 41. Be5 f5 42. Bg7 Kc4 43. Kd2 Bf3 44. Bf6 Bc6 45. Bg7 b4 46. Bf6 a4 47. Bg7 Kd5 48. Ke3 Be8 49. f4 Bb5 50. Bf6 Bf1 51. Bg7 Bg2 52. Bf6 Be4 53. Bg7 Kc4 54. Kd2 Kb3 55. Kc1 a3 56. bxa3 Kxa3 57. Bf6 Kb3 58. Bg7 Kc4 59. Kd2 Kd5 60. Ke3 b3 61. Bf6 Bc2 62. Bg7 Ke6 63. Bb2 Kd5 64. Bg7 h6 65. Bb2 Bb1 1/2-1/2

[Event "Politiken Cup 36th"]
[Site "Helsingor"]
[Date "2014.07.22"]
[Round "3"]
[White "Hoyer, Jacob"]
[Black "Christensen, Casper"]
[Result "1-0"]
[WhiteElo "2200"]
[BlackElo "2004"]
[PlyCount "97"]
[EventDate "2014.07.21"]
[EventType "swiss"]
[EventRounds "10"]
[EventCountry "DEN"]
[SourceTitle "CBM 161 Extra"]
[Source "ChessBase"]
[SourceDate "2014.08.29"]
[SourceVersion "1"]
[SourceVersionDate "2014.08.29"]
[SourceQuality "1"]

1. d4 Nf6 2. c4 g6 3. Nc3 Bg7 4. e4 d6 5. f3 0-0 6. Be3 Na6 7. Qd2 c5 8. Nge2 cxd4 9. Nxd4 Bd7 10. Be2 Nc5 11. 0-0 Ne8 12. b4 Ne6 13. Rad1 f5 14. exf5 Nxd4 15. Bxd4 Bxf5 16. Bxg7 Kxg7 17. c5 Be6 18. Rfe1 Qc8 19. Qd4+ Kg8 20. Bc4 Ng7 21. Rxe6 Nxe6 22. Re1 dxc5 23. Qg4 Kh8 24. Bxe6 Qd8 25. Nd5 Qd6 26. Qg5 cxb4 27. Nxe7 Qd4+ 28. Kh1 Rf6 29. Bb3 Qc3 30. Rg1 Re8 31. Nd5 Rf5 32. Qxf5 gxf5 33. Nxc3 bxc3 34. f4 b5 35. Rc1 b4 36. Kg1 Re4 37. g3 Kg7 38. Kf2 Re8 39. Rd1 a5 40. Rd7+ Kh6 41. Rd6+ Kg7 42. Ra6 Rc8 43. Bc2 Rd8 44. Ke3 Rd2 45. Bb3 Rxh2 46. Rxa5 Rg2 47. Kf3 Rd2 48. Rxf5 Rd3+ 49. Ke4 1-0

[Event "Politiken Cup 36th"]
[Site "Helsingor"]
[Date "2014.07.22"]
[Round "2"]
[White "Moiseenko, Alexander"]
[Black "Hoyer, Jacob"]
[Result "1-0"]
[WhiteElo "2707"]
[BlackElo "2200"]
[PlyCount "51"]
[EventDate "2014.07.21"]
[EventType "swiss"]
[EventRounds "10"]
[EventCountry "DEN"]
[SourceTitle "CBM 161 Extra"]
[Source "ChessBase"]
[SourceDate "2014.08.29"]
[SourceVersion "1"]
[SourceVersionDate "2014.08.29"]
[SourceQuality "1"]

1. d4 Nf6 2. c4 g6 3. Nc3 d5 4. cxd5 Nxd5 5. e4 Nxc3 6. bxc3 Bg7 7. Qa4+ Nd7 8. Nf3 c5 9. Be2 0-0 10. 0-0 cxd4 11. cxd4 Nb6 12. Qa3 Bg4 13. Bg5 Bxf3 14. Bxf3 Qxd4 15. Rad1 Qe5 16. Bxe7 Nc4 17. Qb4 Rfc8 18. Qxb7 Rab8 19. Qxa7 Ra8 20. Qb7 Rcb8 21. Qd5 Qxe7 22. Qxc4 Rb2 23. e5 Raxa2 24. e6 Qxe6 25. Rd8+ Bf8 26. Qc5 1-0

[Event "Politiken Cup 34th"]
[Site "Helsingor"]
[Date "2012.08.05"]
[Round "10"]
[White "Hillarp Persson, Tiger"]
[Black "Hoyer, Jacob"]
[Result "1-0"]
[WhiteElo "2575"]
[BlackElo "2141"]
[PlyCount "87"]
[EventDate "2012.07.28"]
[EventType "swiss"]
[EventRounds "10"]
[EventCountry "DEN"]
[SourceTitle "CBM 149 Extra"]
[Source "ChessBase"]
[SourceDate "2012.08.24"]
[SourceVersion "1"]
[SourceVersionDate "2012.08.24"]
[SourceQuality "1"]

1. d4 Nf6 2. c4 g6 3. Nc3 d5 4. cxd5 Nxd5 5. e4 Nxc3 6. bxc3 Bg7 7. Nf3 c5 8. Bc4 Nc6 9. Be3 0-0 10. h3 cxd4 11. cxd4 Qa5+ 12. Kf1 b5 13. Bb3 Bb7 14. h4 h5 15. d5 Ne5 16. Nxe5 Bxe5 17. Bd4 Qc7 18. Rc1 Qd6 19. Bc5 Qf6 20. Qf3 Qxf3 21. gxf3 Rfc8 22. Ke2 Rc7 23. Bb4 Rac8 24. Rxc7 Rxc7 25. Ke3 Bc3 26. Bxc3 Rxc3+ 27. Kd4 b4 28. f4 Bc8 29. Rg1 Kf8 30. Rg3 Rc1 31. Bc4 a5 32. a3 Rc2 33. axb4 axb4 34. Rb3 Rxf2 35. Rxb4 Bg4 36. Rb8+ Kg7 37. Rb7 Rxf4 38. Rxe7 Kf8 39. d6 f5 40. Rf7+ Ke8 41. d7+ Kd8 42. Bb5 Rxe4+ 43. Kc3 Kc7 44. Rf8 1-0

[Event "Politiken Cup 34th"]
[Site "Helsingor"]
[Date "2012.08.03"]
[Round "8"]
[White "Hoyer, Jacob"]
[Black "Rostgaard, Tobias Valentin"]
[Result "1-0"]
[WhiteElo "2141"]
[BlackElo "2246"]
[PlyCount "95"]
[EventDate "2012.07.28"]
[EventType "swiss"]
[EventRounds "10"]
[EventCountry "DEN"]
[SourceTitle "CBM 149 Extra"]
[Source "ChessBase"]
[SourceDate "2012.08.24"]
[SourceVersion "1"]
[SourceVersionDate "2012.08.24"]
[SourceQuality "1"]

1. d4 d5 2. c4 c6 3. Nf3 Nf6 4. e3 Bf5 5. Nc3 e6 6. Nh4 Be4 7. f3 Bg6 8. Nxg6 hxg6 9. Qc2 Bd6 10. f4 g5 11. g3 gxf4 12. exf4 dxc4 13. Bxc4 Nbd7 14. Be3 Nb6 15. Be2 Nbd5 16. Bf2 Qc7 17. Bf3 g6 18. Qd3 Kf8 19. 0-0-0 Qa5 20. Kb1 Nb4 21. Qe2 Nfd5 22. Bxd5 Nxd5 23. Ne4 Be7 24. Be1 Qb5 25. Qf3 a5 26. h4 Nf6 27. Nf2 a4 28. g4 Qd5 29. Qe2 Rd8 30. Bd2 Qb5 31. Qf3 a3 32. Bc1 Qd5 33. Qe2 axb2 34. Qxb2 Ra8 35. g5 Ne4 36. Nxe4 Qxe4+ 37. Ka1 Qd5 38. f5 exf5 39. Bf4 f6 40. Rhe1 fxg5 41. Rxe7 gxf4 42. Rxb7 Rxh4 43. Qd2 Rh1 44. Rxh1 Qxh1+ 45. Kb2 f3 46. Qb4+ Kg8 47. Qe7 Qg2+ 48. Kc3 1-0

[Event "Politiken Cup 34th"]
[Site "Helsingor"]
[Date "2012.08.01"]
[Round "6"]
[White "Hoyer, Jacob"]
[Black "Carstensen, Jacob"]
[Result "0-1"]
[WhiteElo "2141"]
[BlackElo "2352"]
[PlyCount "70"]
[EventDate "2012.07.28"]
[EventType "swiss"]
[EventRounds "10"]
[EventCountry "DEN"]
[SourceTitle "CBM 149 Extra"]
[Source "ChessBase"]
[SourceDate "2012.08.24"]
[SourceVersion "1"]
[SourceVersionDate "2012.08.24"]
[SourceQuality "1"]

1. d4 Nf6 2. c4 e6 3. Nf3 c5 4. d5 b5 5. Nc3 b4 6. Na4 exd5 7. cxd5 d6 8. e3 g6 9. Bc4 Bg7 10. 0-0 0-0 11. a3 a5 12. b3 Ne4 13. Bb2 Bxb2 14. Nxb2 Bg4 15. Be2 Nc3 16. Qd2 Nd7 17. h3 Bxf3 18. Bxf3 Qf6 19. Nc4 Rfb8 20. axb4 axb4 21. Kh1 Rxa1 22. Rxa1 Ne4 23. Qb2 Nxf2+ 24. Kh2 Qxb2 25. Nxb2 Ne5 26. Ra6 Rd8 27. Be2 Ne4 28. Nd3 Nc3 29. Nxe5 dxe5 30. Bc4 Nxd5 31. Ra7 Nxe3 32. Bxf7+ Kg7 33. g4 Kf6 34. Kg3 Rf8 35. g5+ Kxg5 0-1

[Event "DEN-ch G7-1"]
[Site "Helsingor"]
[Date "2012.04.03"]
[Round "1"]
[White "Hoyer, Jacob"]
[Black "Hansen, Verner"]
[Result "1-0"]
[WhiteElo "2123"]
[BlackElo "1895"]
[PlyCount "85"]
[EventDate "2012.04.03"]
[EventType "swiss"]
[EventRounds "7"]
[EventCountry "DEN"]
[SourceTitle "EXT 2018"]
[Source "ChessBase"]
[SourceDate "2017.10.13"]
[SourceVersion "1"]
[SourceVersionDate "2017.10.13"]
[SourceQuality "1"]

1. d4 d5 2. c4 c6 3. Nf3 Bf5 4. e3 e6 5. Nc3 Nf6 6. Nh4 Bg4 7. Qb3 Qc7 8. Bd2 Be7 9. h3 Bh5 10. g4 Bg6 11. Nxg6 hxg6 12. Bg2 Nbd7 13. g5 dxc4 14. Qxc4 Nb6 15. Qb3 Nfd5 16. f4 a5 17. a4 Nb4 18. Ne4 N6d5 19. Rc1 Rd8 20. 0-0 f5 21. Nc5 Bxc5 22. Rxc5 Ke7 23. e4 fxe4 24. Bxe4 Rdf8 25. Qg3 Qd6 26. Rxa5 Na6 27. Bd3 Ndc7 28. Bc3 Nb4 29. Be4 Ncd5 30. Bd2 Na6 31. Kh2 Ra8 32. Bd3 Ndb4 33. Bc3 Nd5 34. Bxa6 b6 35. Rxd5 exd5 36. Re1+ Kd8 37. Bd3 Rxa4 38. Qg4 c5 39. Bb5 Ra7 40. Re6 Qc7 41. Qf3 cxd4 42. Qxd5+ Kc8 43. Rc6 1-0